| 000 | 00454nam a2200169Ia 4500 | ||
|---|---|---|---|
| 008 | 241115s9999 xx 000 0 und d | ||
| 020 | _a0-13-887407-7 | ||
| 082 | _a005.43 STA | ||
| 100 | _aStallings, William | ||
| 245 | 0 | _aOperating Systems: internals and design principles | |
| 250 | _a3rd ed. | ||
| 260 |
_aNew Jersey: _bPrentice Hall, _c1998 |
||
| 300 | _axvii,781p. | ||
| 600 | _aComputer Science | ||
| 650 | _aComputer Science | ||
| 942 | _cBBD | ||
| 999 |
_c24690 _d24690 |
||